000 00430nam a2200181Ia 4500
001 18677
005 20260306171648.0
008 260306s9999||||xx |||||||||||||| ||und||
041 _aESP
082 _a658.45
_bQ62
100 _aQuintana Otiniano, Maria
_eAUT
245 0 _aComunicaciones y recursos humanos
260 _c1999
300 _a222 páginas :
_c
650 _aGEN
654 _aCAN
942 _cLIB
_dJUS
_fJUS
_2ddc
_n
999 _c18677
_d18677